<?xml version="1.0" encoding="UTF-8"?>
<record
    xmlns:xsi="http://www.w3.org/2001/XMLSchema-instance"
    xsi:schemaLocation="http://www.loc.gov/MARC21/slim http://www.loc.gov/standards/marcxml/schema/MARC21slim.xsd"
    xmlns="http://www.loc.gov/MARC21/slim">

  <leader>01367nam a22003017a 4500</leader>
  <controlfield tag="001">BRCA_9254</controlfield>
  <controlfield tag="003">FranzMayer</controlfield>
  <controlfield tag="005">20230717140023.0</controlfield>
  <controlfield tag="008">230714b        |||||||| |||| 00| 0 eng d</controlfield>
  <datafield tag="020" ind1=" " ind2=" ">
    <subfield code="a">9781447323977</subfield>
  </datafield>
  <datafield tag="040" ind1=" " ind2=" ">
    <subfield code="a">MFM</subfield>
    <subfield code="b">esp</subfield>
    <subfield code="c">MFM</subfield>
  </datafield>
  <datafield tag="041" ind1=" " ind2=" ">
    <subfield code="a">esp</subfield>
  </datafield>
  <datafield tag="050" ind1=" " ind2="0">
    <subfield code="a">NK8908.N52.2</subfield>
    <subfield code="b">B53 2022</subfield>
  </datafield>
  <datafield tag="110" ind1="1" ind2=" ">
    <subfield code="a">Blanton Museum of Art</subfield>
    <subfield code="9">28712</subfield>
  </datafield>
  <datafield tag="240" ind1="1" ind2=" ">
    <subfield code="a">Painted Clothes: Fashion and Ritual in Colonial Latin America</subfield>
    <subfield code="l">english</subfield>
  </datafield>
  <datafield tag="245" ind1="0" ind2=" ">
    <subfield code="a">Painted Cloth</subfield>
    <subfield code="b">Fashion and Ritual in Colonial Latin America</subfield>
  </datafield>
  <datafield tag="260" ind1=" " ind2=" ">
    <subfield code="a">China</subfield>
    <subfield code="b">Blanton Museum of Art</subfield>
    <subfield code="c">2022</subfield>
  </datafield>
  <datafield tag="300" ind1=" " ind2=" ">
    <subfield code="a">229 p</subfield>
    <subfield code="b">ilustraciones a color</subfield>
    <subfield code="c">27 cm</subfield>
    <subfield code="e">El libro viene en una caja de cart&#xF3;n complementaria</subfield>
  </datafield>
  <datafield tag="500" ind1=" " ind2=" ">
    <subfield code="a">L60/N4</subfield>
  </datafield>
  <datafield tag="505" ind1="0" ind2=" ">
    <subfield code="a">T&#xED;tulo del lomo: Painted ClothAcompa&#xF1;ado de: Caja protectora de cart&#xF3;n duroDestinado a: Dise&#xF1;adores, dise&#xF1;adores de moda, investigadores, antrop&#xF3;logos, historiadoresTexto en: ingl&#xE9;sIncluye &#xED;ndice (tem&#xE1;tico)Incluye glosarioBibliograf&#xED;a 187-200 pIncluye referencias bibliogr&#xE1;ficas e &#xED;ndice</subfield>
  </datafield>
  <datafield tag="610" ind1="1" ind2=" ">
    <subfield code="a">Blanton Museum of Art</subfield>
    <subfield code="9">28713</subfield>
  </datafield>
  <datafield tag="650" ind1="1" ind2=" ">
    <subfield code="2">Artes decorativas</subfield>
    <subfield code="a">Textiles</subfield>
    <subfield code="9">28714</subfield>
    <subfield code="v">Latinoamerica</subfield>
  </datafield>
  <datafield tag="651" ind1=" " ind2=" ">
    <subfield code="2">Latinoam&#xE9;rica</subfield>
    <subfield code="a">Nueva Espa&#xF1;a</subfield>
    <subfield code="v">Colonial</subfield>
    <subfield code="9">28837</subfield>
  </datafield>
  <datafield tag="700" ind1="1" ind2=" ">
    <subfield code="4">Ed.</subfield>
    <subfield code="a">Granados I, Rosaro</subfield>
    <subfield code="9">28715</subfield>
  </datafield>
  <datafield tag="710" ind1="2" ind2=" ">
    <subfield code="4">Dist</subfield>
    <subfield code="a">Tower Books</subfield>
    <subfield code="9">28716</subfield>
  </datafield>
  <datafield tag="710" ind1="2" ind2=" ">
    <subfield code="4">Imp.</subfield>
    <subfield code="a">University of Texas Press, Austin</subfield>
    <subfield code="9">28717</subfield>
  </datafield>
  <datafield tag="942" ind1=" " ind2=" ">
    <subfield code="2">lcc</subfield>
    <subfield code="c">B</subfield>
  </datafield>
  <datafield tag="999" ind1=" " ind2=" ">
    <subfield code="c">10873</subfield>
    <subfield code="d">10873</subfield>
  </datafield>
  <datafield tag="952" ind1=" " ind2=" ">
    <subfield code="0">0</subfield>
    <subfield code="1">0</subfield>
    <subfield code="2">lcc</subfield>
    <subfield code="4">0</subfield>
    <subfield code="7">0</subfield>
    <subfield code="8">FCON</subfield>
    <subfield code="a">BRCA</subfield>
    <subfield code="b">BRCA</subfield>
    <subfield code="d">2023-07-14</subfield>
    <subfield code="e">Donaci&#xF3;n</subfield>
    <subfield code="l">0</subfield>
    <subfield code="o">NK8908.N52.2 B53 2022</subfield>
    <subfield code="p">CONT10050</subfield>
    <subfield code="r">2023-07-14 00:00:00</subfield>
    <subfield code="t">1</subfield>
    <subfield code="w">2023-07-14</subfield>
    <subfield code="y">B</subfield>
  </datafield>
</record>
